| 000 | 00517nam a2200193 a 4500 | ||
|---|---|---|---|
| 001 | 19021 | ||
| 003 | CO-ViMGA | ||
| 008 | 141112s2004 ck r 000 u spa d | ||
| 020 | _a8428326878 | ||
| 040 |
_aCO-ViMGA _bspa _cCO-ViMGA |
||
| 082 | 0 | 4 | _a615.822 M453m |
| 100 | 1 |
_aMiller, Erica _927252 |
|
| 245 | 1 | 0 | _aMasaje Shiatsu |
| 260 |
_aMadrid : _bParaninfo; 2000 |
||
| 300 | _a151 p. | ||
| 590 | _aForma de adquisición : Proyecto 2005 - - Precio : 32.400 | ||
| 650 | 1 | 4 |
_aMASAJE - TECNICAS _927253 |
| 942 |
_2ddc _cBK |
||
| 999 |
_c28209 _d28209 |
||